<?xml version="1.0" encoding="UTF-8"?>
<collection xmlns="http://www.loc.gov/MARC21/slim">
 <record>
  <leader>01707nam a2200229Ia 4500</leader>
  <controlfield tag="001">CTU_163845</controlfield>
  <controlfield tag="008">210402s9999    xx            000 0 und d</controlfield>
  <datafield tag="082" ind1=" " ind2=" ">
   <subfield code="a">632.96</subfield>
  </datafield>
  <datafield tag="082" ind1=" " ind2=" ">
   <subfield code="b">Ch305</subfield>
  </datafield>
  <datafield tag="088" ind1=" " ind2=" ">
   <subfield code="a">62621001</subfield>
  </datafield>
  <datafield tag="100" ind1=" " ind2=" ">
   <subfield code="a">Hồ, Văn Chiến</subfield>
  </datafield>
  <datafield tag="245" ind1=" " ind2="0">
   <subfield code="a">Quản lý bọ cánh cứng hại dừa Brontispa longissima (Gestro, 1885) bằng biện pháp phóng thích ong ký sinh nhập nội Asecodes hispinarum Boucek :</subfield>
  </datafield>
  <datafield tag="245" ind1=" " ind2="0">
   <subfield code="b">Luận án Tiến sĩ Nông nghiệp. Chuyên ngành: Bảo vệ thực vật</subfield>
  </datafield>
  <datafield tag="245" ind1=" " ind2="0">
   <subfield code="c">Hồ Văn Chiến ; Trần Văn Hai, Trần Tấn Việt (Hướng dẫn Khoa học)</subfield>
  </datafield>
  <datafield tag="260" ind1=" " ind2=" ">
   <subfield code="a">Cần Thơ</subfield>
  </datafield>
  <datafield tag="260" ind1=" " ind2=" ">
   <subfield code="b">Trường Đại học Cần Thơ</subfield>
  </datafield>
  <datafield tag="260" ind1=" " ind2=" ">
   <subfield code="c">2010</subfield>
  </datafield>
  <datafield tag="520" ind1=" " ind2=" ">
   <subfield code="a">Đề tài giới thiệu hiện trạng những vườn dừa bị bọ cánh cứng hại dừa (B. longissima) xuất hiện, tấn công và gây hại ở các tỉnh phía Nam. Điều tra thiên địch của bọ dừa cánh cứng hại dừa trong tự nhiên. Đặc điểm của bọ cánh cứng hại dừa, ong ký sinh nhập nội. Hiệu quả kỹ thuật và hiệu quả kinh tế về quản lý bọ cánh cứng hại dừa bằng biện pháp phóng thích OKS nhập nội.</subfield>
  </datafield>
  <datafield tag="650" ind1=" " ind2=" ">
   <subfield code="a">Coconut,Insect pests,Cây dừa,Côn trùng gây hại,Parasitoids,Vật dạng ký sinh</subfield>
  </datafield>
  <datafield tag="650" ind1=" " ind2=" ">
   <subfield code="x">Biological control,Kiểm soát,Côn trùng và bệnh hại,Kiểm soát sinh học,Hosts,Vật chủ</subfield>
  </datafield>
  <datafield tag="904" ind1=" " ind2=" ">
   <subfield code="i">Năm</subfield>
  </datafield>
  <datafield tag="980" ind1=" " ind2=" ">
   <subfield code="a">Trung tâm Học liệu Trường Đại học Cần Thơ</subfield>
  </datafield>
 </record>
</collection>
